Prediktívne riadenie laboratórneho klimatizačného systému

Saved in:
Bibliographic Details
Main Author: Guľaši, Tomáš, 1987- (Author)
Other Authors: Rohaľ-Ilkiv, Boris, 1949- (Thesis advisor)
Format: Manuscript Book
Language:Slovak
Published: Bratislava : STU v Bratislave SjF, 2013
Subjects:
Online Access:VAIS
Tags: Add Tag
No Tags, Be the first to tag this record!

MARC

LEADER 00000ntm a22000003a 4500
001 stu286843
005 20150617230256.3
008 140321s2013----xo------------------slo-d
040 |a STU  |b slo 
041 0 |a slo 
044 |a xo 
100 1 |a Guľaši, Tomáš,  |d 1987-  |4 aut  |u J  |T SjF Strojnícka fakulta  |X 57745  |U J  |Y 20  |7 A000057745 
242 0 0 |a Predictive control of a laboratory air-conditioning system  |y eng 
245 1 |a Prediktívne riadenie laboratórneho klimatizačného systému 
260 |a Bratislava :  |b STU v Bratislave SjF,  |c 2013 
650 7 |a Automation and Informatics of Machines and Processes  |2 estusub 
650 7 |a GPC  |2 stusub 
650 7 |a automatizácia a informatizácia strojov a procesov  |2 stusub 
700 1 |a Rohaľ-Ilkiv, Boris,  |d 1949-  |4 ths  |u J0020  |U SjF Strojnícka fakulta  |T SjF Ústav automatizácie, merania a aplikovanej informatiky  |X 2463  |U J0020  |Y 802  |7 A000002463 
856 4 |a info a plný text  |u http://is.stuba.sk/zp/portal_zp.pl?podrobnosti=94955  |3 VAIS